ბათუმის შოთა რუსთაველის სახელმწიფო უნივერსიტეტის ბიბლიოთეკა

The golden age : (ბიბ.ჩანაწერი № 60487)

000 -LEADER
fixed length control field 00858nam a22001937a 4500
005 - DATE AND TIME OF LATEST TRANSACTION
control field 20230804162245.0
008 - FIXED-LENGTH DATA ELEMENTS--GENERAL INFORMATION
fixed length control field 230804s2010 geo||||| |||| 00| 0 eng d
020 ## - INTERNATIONAL STANDARD BOOK NUMBER
International Standard Book Number 9789941421228
041 ## - LANGUAGE CODE
Language code of text/sound track or separate title eng
080 ## - UNIVERSAL DECIMAL CLASSIFICATION NUMBER
Universal Decimal Classification number 94(479.22)"10/12" M-61
100 ## - MAIN ENTRY--PERSONAL NAME
Personal name Metreveli, Roin
9 (RLIN) 19603
245 ## - TITLE STATEMENT
Title The golden age :
Remainder of title Georgia from the 11th century to the first quarter of the 13th century /
Statement of responsibility, etc. Roin Metreveli ; translation by Elene Paghava ; editor Buba Kudava ; photogr.: Vakhtang Gabelia, Shalva Lezhava, Mirian Kiladze [et al.].
264 ## - PRODUCTION, PUBLICATION, DISTRIBUTION, MANUFACTURE, AND COPYRIGHT NOTICE
Place of production, publication, distribution, manufacture Tbilisi :
Name of producer, publisher, distributor, manufacturer Artanuji,
Date of production, publication, distribution, manufacture, or copyright notice 2010.
300 ## - PHYSICAL DESCRIPTION
Extent 212 p. :
Other physical details ill., maps ;
Dimensions 23 cm.
653 ## - INDEX TERM--UNCONTROLLED
keyword საქართველოს ისტორია -- XI-XIII ს.ს.
700 ## - ADDED ENTRY--PERSONAL NAME
Personal name Kudava, Buba
Relator term რედაქტორი
9 (RLIN) 19604
700 ## - ADDED ENTRY--PERSONAL NAME
Personal name Paghava, Elene
Relator term მთარგმნელი
9 (RLIN) 19605
942 ## - ADDED ENTRY ELEMENTS (KOHA)
Source of classification or shelving scheme
Koha item type წიგნი
ეგზემპლარები
Withdrawn status Lost status Source of classification or shelving scheme Damaged status Not for loan Permanent Location Current Location Shelving location Date acquired Cost, normal purchase price Full call number Barcode Date last seen Copy number Uniform Resource Identifier Price effective from Koha item type Public note
          ბათუმის შოთა რუსთაველის სახელმწიფო უნივერსიტეტის მთავარი ბიბლიოთეკა ბათუმის შოთა რუსთაველის სახელმწიფო უნივერსიტეტის მთავარი ბიბლიოთეკა წიგნსაცავი 2023-08-04 15.00 94(479.22) 65141 2023-08-04 64141 ბსუ-ს საპატიო დოქტორის გურამ ლორთქიფანიძის საჩუქარი 2023-08-04 წიგნი 15 ლ.